00564 2200169 4500001002100000005001500021035002000036245005100056100001800107250001100125300003700136260011800173082001600291084002200307020002200329650004300351INLIS00000000000182020241106113617 a0010-11240000781 aHari Sabtu di Pasar Wulandari /cTuti Adhayati0 aTuti Adhayati aCet. 2 a28 hlm. :bilus. ;c21 x 29,7 cm aJakarta :bBadan Pengembangan dan Pembinaan Bahasa, Kementrian Pendidikan, Kebudayaan, Riset dan Teknologi,c2023 a398.209 598 a398.209 598 TUT h a978-623-437-774-8 4aCerita Anak Indonesia. Kesustraan Anak